[Event "Julian Mazur Memorial"]
[Site "Wellington Chess Club"]
[Date "2019.08.22"]
[Round "4.6"]
[White "Rossiter, Philip"]
[Black "Stone, Andrew"]
[Result "1/2-1/2"]
[WhiteElo "1886"]
[BlackElo "2078"]

1. c4 Nf6 2. Nc3 e5 3. g3 d5 4. cxd5 Nxd5 5. Bg2 Nb6 6. d3 Be7 7. Nf3 Nc6 8.
O-O h5 9. h4 Bg4 10. Ne4 Qd7 11. a3 O-O-O 12. b4 f5 { Well, now the fun starts.
} 13. Neg5 { 13.Nc5 or 13.b5 would have been better. } 13... e4 { Andrew never
needs a second invitation to play moves like this. } 14. Nh2 { oh dear. 14.b5
or 14.Nf7 surely. Now Black has the edge.} 14... Bf6 15. Ra2 { } 15... Qd5 {
Not sure about this. I expected 15...Nd4. } 16. Qd2 { At the time we both
thought this was a good move, but it isn't! } 16... Bxg5 17. hxg5 h4 { It seems
neither of us are playing well. Again 17...Nd4. } 18. Rc2 { Geez Philip, why
not play 18.Nx g4 and win a pawn? } 18... Bxe2 { Again, the sort of move I'm
always afraid Andrew will play. I must now play 19.Qxe2, but...} 19. Rc5 Qxd3 {
Here of course my postion is falling apart at the seams, so I figured that
there was no point in playing normally, I'll just try to mess it up. } 20. Qf4
Bxf1 21. Bxf1 { Well, at the board I thought if Black plays 21...Qd7 White can
pack up and go home, but...} 21... Qd1 22. b5 hxg3 23. fxg3 Rd5 { Around this
point I had absolutely no idea about the objective assessment of the position.
I was just trying to make moves and try to survive} 24. Rxd5 Qxd5 { 24...Nxd5
was better. Now White is back in the game! } 25. bxc6 g6 26. cxb7+ Kxb7 27. g4
{ The software still clearly prefers Black, but the position is still messy,
plus Andrew's clock was starting to become my friend. } 27... Nc4 { 27...Qc5+
is better and what I was expecting. Now I thought I had real chances of holding
the game. } 28. gxf5 gxf5 29. Bxc4 Qxc4 30. Be3 Qe2 31. g6 { The blunders
continue. 31, Nf1 and Bf2 were moves I considered and were better. I thought
having a passed pawn would be enough. But Andrew is short of time and misses
31...Rg8 or 31...Qb2. } 31... Rxh2 32. Qxh2 Qxe3+ 33. Kf1 { apparently another
mistake. 33.Qf2. } 33... Qf3+ { Apprently Qc1+ or Qxa3 are better. } 34. Qf2
Qg4 { Now 35.Qb2+ is a dead draw, but, since this is a game full of
questionable chess...} 35. Qg2 { Here an incident occurred. Andrew picked up
his e pawn and suddenly realised it was an illegal move. I thought he'd touched
the e pawn and so was resigning because he had to play e3! I apologised to him
afterwards. } 35... Qd1+ 36. Kf2 { Now 36...Qd4+ is clearly good for Black, but
the clock...} 36... Qd2+ 37. Kf1 Qd1+ 38. Kf2 Qd2+ 39. Kf1 Qd1+ 1/2-1/2

[Event "Julian Mazur Memorial"]
[Site "Wellington Chess Club"]
[Date "2019.08.22"]
[Round "4.6"]
[White "Rossiter, Philip"]
[Black "Stone, Andrew"]
[Result "1/2-1/2"]
[WhiteElo "1886"]
[BlackElo "2078"]

1. c4 Nf6 2. Nc3 e5 3. g3 d5 4. cxd5 Nxd5 5. Bg2 Nb6 6. d3 Be7 7. Nf3 Nc6 8.
O-O h5 9. h4 Bg4 10. Ne4 Qd7 11. a3 O-O-O 12. b4 f5 13. Neg5 (13. Nc5) 13... e4
14. Nh2 Bf6 15. Ra2 Qd5 (15... Kb8 16. f3 exf3 17. exf3 f4 18. fxg4 fxg3 19.
Nhf3 hxg4 $19) 16. Qd2 (16. Rd2 Bc3 17. Rc2 Nd4 (17... Qb3 18. f3 Nd4 19. Rxc3
Qxc3 20. fxg4 hxg4) 18. Nxg4 Nxc2 19. Qxc2 hxg4 20. Qxc3) 16... Bxg5 17. hxg5
h4 (17... Nd4 18. f3 e3 19. Qb2 Na4 20. Qa1 Qe5 21. fxg4 (21. f4 Nxe2+ 22. Kh1
Nxg3+ 23. Kg1 Qxa1 24. Rxa1 Nxf1 25. Kxf1 Rxd3 $19) 21... hxg4 22. Re1 Qxg3
{Mate in 3} ) 18. Rc2 (18. Nxg4 fxg4 19. Bxe4 Qe6 20. Rc2 $14) 18... Bxe2 (
18... h3 19. Bh1 Nd4 20. Re1 Nxc2 (20... Qf7 21. Nxg4 fxg4 22. Bxe4 h2+ 23. Kh1
Nxc2 24. Qxc2 Qxf2 25. Rd1 Nd5 26. Bxd5 Rxd5 27. Bf4 Kb8 28. Qxc7+ Ka8 29. Rc1
a6 $19) 21. Qxc2 exd3 22. Bxd5 dxc2 23. Bb3 Bxe2 24. Bxc2 $19) 19. Rc5 $2 (19.
Qxe2 Nd4 20. Qd1 Nxc2 21. Qxc2 Qxd3 22. Qxd3 Rxd3 $10) 19... Qxd3 20. Qf4 Bxf1
(20... hxg3 21. fxg3 Bxf1 22. Bxf1 Qd1 23. b5 Nd7 $19) 21. Bxf1 Qd1 22. b5 (22.
Qxf5+ Kb8 23. Bf4) 22... hxg3 23. fxg3 Rd5 (23... Nd7 24. Rc3 Nce5 $19) 24.
Rxd5 Qxd5 (24... Nxd5 25. Qxf5+ Kb8 26. bxc6 bxc6 27. Bf4 Qd4+ 28. Kh1 Qb2 29.
g4 Ne3 30. Qf7 Nxf1 $19 {A very computer variation} ) 25. bxc6 g6 26. cxb7+
Kxb7 27. g4 Nc4 (27... Qd4+ 28. Be3 Qb2 29. Qf2 Qxf2+ 30. Bxf2 f4 31. Bd4 Rf8)
28. gxf5 gxf5 29. Bxc4 Qxc4 30. Be3 Qe2 31. g6 Rxh2 (31... Qb2 32. Nf1 Qf6 33.
Ng3 Qxg6) 32. Qxh2 Qxe3+ 33. Kf1 Qf3+ (33... Qxa3 34. Qg2 Qc1+ 35. Kf2 Qb2+ 36.
Kf1 Qc1+ 37. Kf2 Qd2+ 38. Kg1 Qd4+ 39. Kf1 (39. Kh2 Qe5+ 40. Kg1 Qa1+ 41. Kh2
Qg7 42. Qg3) 39... f4 40. g7 Qd1+ 41. Kf2 f3) 34. Qf2 Qg4 35. Qg2 Qd1+ 36. Kf2
Qd2+ 37. Kf1 Qd1+ 38. Kf2 Qd2+ (38... Qd4+ 39. Kf1 f4 40. g7 Qd1+ 41. Kf2 f3
42. Qg4 Qd4+ 43. Kg3 Qg1+ 44. Kh4 Qxg4+ 45. Kxg4 f2 46. g8=Q f1=Q 47. Qb3+ Kc6
48. Qe6+ Kb5 {Black can still fight on for a win.} ) 39. Kf1 Qd1+ 1/2-1/2

[Event "Julian Mazur Memorial"]
[Site "Wellington Chess Club"]
[Date "2019.08.22"]
[Round "4.7"]
[White "Nicholls, Alistair"]
[Black "Benitez, Edgar"]
[Result "1-0"]
[WhiteElo "1844"]
[BlackElo "2040"]

1. e4 e5 2. Nf3 Nc6 3. d4 exd4 4. Bc4 Be7 5. c3 d5 6. exd5 Na5 7. Qa4+ c6 8.
dxc6 bxc6 9. Ne5 Nxc4 10. Qxc6+ Bd7 11. Qxc4 Be6 12. Qa4+ Kf8 13. cxd4 Nf6 14.
O-O h6 15. Nc3 Nd5 16. Ne4 g6 17. Nc5 Bxc5 18. dxc5 Qc7 19. Qd4 Kg8 20. b4 Rh7
21. Bb2 Rb8 22. a3 a5 23. Nd3 Rd8 24. b5 Nb4 25. Qe5 Qxe5 26. Nxe5 Nd5 27. c6
g5 28. Rac1 f6 29. Nc4 Rc7 30. Nxa5 Kf7 31. Rfd1 Ra8 32. Nb7 Rb8 33. a4 Nf4 34.
Nd8+ Rxd8 35. Rxd8 Ne2+ 36. Kh1 Nxc1 37. Bxc1 Ra7 38. b6 Rxa4 39. b7 Ra1 40.
Rd1 Rb1 41. h3 g4 42. Re1 gxh3 43. Bd2 hxg2+ 44. Kxg2 Bd5+ 45. Kg1 Rb2 46. Bf4
1-0

[Event "Julian Mazur Memorial"]
[Site "Wellington Chess Club"]
[Date "2019.08.22"]
[Round "4.8"]
[White "Ross, Matt"]
[Black "Tanoi, Edward"]
[Result "1-0"]
[WhiteElo "1867"]
[BlackElo "2013"]

1. e4 c5 2. Nf3 d6 3. Nc3 Nf6 4. d4 cxd4 5. Nxd4 Nc6 6. Bb5 Bd7 7. Bg5 e6 8.
Nxc6 Bxc6 9. O-O Be7 10. e5 $6 dxe5 11. Bxc6+ bxc6 {Part of the reason for
White's 10th  move. Now I have an isolated pawn that would be later targeted.
But an extra pawn  is an extra pawn and now Black is better.} 12. Re1 Qc7 13.
Ne4 Rd8 14. Qe2 Nd5 15. Bxe7 Qxe7 16. Ng3 f6 17. Qa6 O-O {I ignore the attacked
c-pawn and play what I instinctively  thought was the best move. Favouring
development and active piece play despite the  lack of minor pieces remaining
on the board. Subsequent computer analysis supported  my decision although my
position wasn't supported by my follow up.} 18. Qxc6 Nb4 $6 (18... Rc8 $1 {I
considered this but didn't see the follow up although ironically  I saw and
attempted the idea soon after but by then there were significant positional
differences.} 19. Qa4 Qb7 {Black is close to winning. Better developed and more
active pieces with threats on b2 and g2 and potentially along the 2nd rank.} )
19. Qa4 Rc8 20. Rac1 Rfd8 21. Re2 $2 {I felt immediately this move wasn't good
but just  didn't spend enough time exploring the best way to exploit White's
new weaknesses.} 21... Qb7 (21... Nd3 $1 {was the first move I saw but felt it
was too obvious a threat  and therefore easily dealt with.} 22. Rd1 (22. Rb1
Nf4 23. Re3 Rd2 24. c3 {and now} 24... Qb7 $1 {was the crushing move I failed
to see in my head when it's obvious when  presented with the position.} ) 22...
Nf4 23. Red2 Rxd2 24. Rxd2 Qb7 $19) 22. Qb3 Qb6 {protecting e6 but taking the
queen off the long diagonal and the mating threats} 23. Nf5 $2 {I must admit, I
couldn't help feel bemusement at Matt's continual ability  to surprise me with
moves I thought were inaccurate or weakening but which I seemingly  felt
helpless to punish.} 23... Kh8 (23... Nd3 $1 $18 {was the move I wanted to play
but  ruled out because of the knight fork. In fact, Black is winning. For the
umpteenth  time.} 24. Qxb6 axb6 25. Rb1 (25. Ne7+ Kf7 26. Nxc8 Nxc1 27. Re1
Nxa2 28. Nxb6 Rd2 29. Nc4 Rxc2 30. b3 Nb4 31. h4 Nd3 32. Rd1 Rc3 33. Rb1 Ke7
$19) 25... Nf4 26. Ne7+ Kf7 27. Nxc8 Nxe2+ 28. Kf1 Rxc8 29. Kxe2 Rxc2+ $19) 24.
Ne3 Nd3 25. Qxb6 axb6 26. Rb1 Nf4 27. Ree1 Rd2 28. b3 Ne2+ 29. Kf1 Nc3 30. Ra1
e4 $6 {the start of a wrong plan  that leads ultimately to a tragi-comic end.
Black needs to regroup and shift the  emphasis to the queenside and not through
the middle. I haven't adapted to the transition  once the Queens were
exchanged.} 31. Nc4 Rxc2 32. Nxb6 Rd8 (32... Rb8) 33. Nc4 f5 (33... Nxa2) 34.
a4 f4 35. a5 g5 36. a6 e3 ( {last chance to play} 36... Ra8 {and  save my
position but I felt compelled to push through and didn't feel like calculating
much. There wasn't enough time to do so anyway.} ) 37. fxe3 fxe3 38. a7 Ra2 39.
Rxa2 Nxa2 40. Nb6 Rf8+ 41. Kg1 {Black resigns. Well played Matt who seized on
his  one real opportunity and that made all the difference.} 1-0

[Event "Julian Mazur Memorial"]
[Site "Wellington Chess Club"]
[Date "2019.08.22"]
[Round "4.9"]
[White "Laking, Robert"]
[Black "He, Paul"]
[Result "1/2-1/2"]
[WhiteElo "1968"]
[BlackElo "1885"]

1. d4 Nf6 2. c4 e6 3. Nc3 Bb4 4. Qc2 d5 { E34 Nimzo-Indian Defense: Classical
Variation, Noa Variation } 5. Bg5 $6 { (0.28 ? -0.30) Inaccuracy. Best move was
cxd5. }  (5. cxd5 Qxd5 6. Nf3 O-O 7. Bd2 Bxc3 8. Bxc3 b6 9. Ne5 c5) 5... dxc4
6. a3 h6 7. Bxf6 Bxc3+ 8. Qxc3 Qxf6 9. e4 $6 { (-0.23 ? -0.75) Inaccuracy. Best
move was Qxc4. }  (9. Qxc4 Nd7 10. Nf3 c5 11. e4 O-O 12. e5 Qe7 13. dxc5 Nxc5
14. Rd1 b6 15. b4 Ba6) 9... c5 $6 { (-0.75 ? -0.13) Inaccuracy. Best move was
b5. }  (9... b5 10. a4 c6 11. Be2 Bb7 12. e5 Qe7 13. Bf3 O-O 14. Ne2 Qc7 15.
O-O Nd7 16. b3) 10. e5 cxd4 11. Qxd4 Nc6 12. exf6 Nxd4 13. fxg7 Rg8 14. Rd1 e5
15. Bxc4 Rxg7 16. g3 $6 { (-0.42 ? -1.23) Inaccuracy. Best move was Ne2. }  (
16. Ne2 Nxe2) 16... Bg4 17. Be2 Nxe2 18. Nxe2 Bf3 19. Rg1 f5 $6 { (-1.07 ?
-0.26) Inaccuracy. Best move was Rg6. }  (19... Rg6 20. Rd2 Rc8 21. h3 Rb6 22.
g4 Rd8 23. b4 Ra6 24. g5 h5 25. Rxd8+ Kxd8 26. Kd2) 20. Rd6 h5 21. Rd3 $6 {
(0.00 ? -0.52) Inaccuracy. Best move was Kd2. }  (21. Kd2 Rd8 22. Rxd8+ Kxd8
23. Ke3 Bxe2 24. Kxe2 Rc7 25. Rd1+ Ke7 26. Rd5 Ke6 27. Rb5 b6) 21... e4 22. Rd5
$2 { (-0.49 ? -2.09) Mistake. Best move was Rd4. }  (22. Rd4 Rd8 23. Kd2 Rgd7
24. Ke3 Bxe2 25. Rxd7 Kxd7 26. Kxe2 Ke6 27. Rd1 Rxd1 28. Kxd1 Kd5) 22... Rd8
23. Rxd8+ Kxd8 24. Nd4 Rd7 25. Nxf3 exf3 26. h3 Rd4 27. g4 fxg4 28. hxg4 hxg4
29. Rh1 Kc7 30. Rh5 Kc6 31. Re5 b5 $6 { (-1.93 ? -1.24) Inaccuracy. Best move
was b6. }  (31... b6 32. b4 Rd3 33. Rg5 Rxa3 34. b5+ Kd6 35. Rxg4 Kc5 36. Rg5+
Kb4 37. Rf5 Ra5 38. Kd1) 32. Re6+ $4 { (-1.24 ? -3.87) Blunder. Best move was
b4. }  (32. b4 Rd3) 32... Kc5 $2 { (-3.87 ? -2.13) Mistake. Best move was Kd5.
}  (32... Kd5) 33. b4+ $6 { (-2.13 ? -3.28) Inaccuracy. Best move was b3. }  (
33. b3 Rd3) 33... Kc4 34. Ra6 $2 { (-2.45 ? -4.78) Mistake. Best move was Re7.
}  (34. Re7 a6) 34... Rd7 35. Ra5 $4 { (-3.92 ? -9.58) Blunder. Best move was
Rg6. }  (35. Rg6 Kc3) 35... Kb3 $4 { (-9.58 ? -1.32) Blunder. Best move was
Rh7. }  (35... Rh7) 36. Rxb5 Kxa3 37. Rb8 $4 { (-1.15 ? -3.19) Blunder. Best
move was Rg5. }  (37. Rg5 Re7+) 37... Kb3 38. b5 Kc2 $6 { (-3.18 ? -2.08)
Inaccuracy. Best move was Ka4. }  (38... Ka4 39. b6) 39. Rc8+ Kd3 40. Rc6 $4 {
(-1.61 ? -4.49) Blunder. Best move was Rb8. }  (40. Rb8 Rc7 41. Rd8+ Kc3 42.
Rb8 Rh7 43. Rc8+ Kb4 44. Rg8 Re7+ 45. Kd1 Re4 46. Rg7 Kb3) 40... Rb7 41. Rd6+
Kc4 42. Kd2 Rxb5 43. Ra6 Rb7 $4 { (-4.58 ? -2.14) Blunder. Best move was Re5. }
(43... Re5) 44. Ra4+ $6 { (-2.14 ? -3.22) Inaccuracy. Best move was Ke3. }  (
44. Ke3 Re7+) 44... Kb3 45. Rxg4 a5 46. Rg1 $4 { (-2.17 ? -7.12) Blunder. Best
move was Rf4. }  (46. Rf4 a4 47. Kc1 Rc7+ 48. Kb1 Rc3 49. Rd4 a3 50. Rd2 Kc4
51. Rd8 Rd3 52. Rc8+ Kb3) 46... Kb2 47. Rg4 Rb4 48. Rg3 Rb3 49. Rg4 Ka3 $4 {
(-10.94 ? -1.82) Blunder. Best move was Rb4. }  (49... Rb4) 50. Rh4 $4 { (-1.82
? -4.93) Blunder. Best move was Rf4. }  (50. Rf4) 50... a4 51. Rf4 $2 { (-4.53
? -10.23) Mistake. Best move was Kc1. }  (51. Kc1 Rb4) 51... Rb2+ 52. Ke3 Kb3
$2 { (-11.87 ? -4.13) Mistake. Best move was Rb4. }  (52... Rb4 53. Rf7 Kb2 54.
Rd7 Rb3+ 55. Ke4 a3 56. Rd2+ Kc1 57. Ra2 Kb1 58. Rd2 a2 59. Rd1+) 53. Rxf3 a3
54. Kd4+ Kb4 55. Rf8 Rd2+ 56. Ke3 Rd5 57. Rb8+ $2 { (-3.86 ? -6.75) Mistake.
Best move was Ke4. }  (57. Ke4 a2 58. Kxd5 a1=Q 59. Rf4+ Kc3 60. Rf6 Qa8+ 61.
Kd6 Qd8+ 62. Ke6 Qe8+ 63. Kd6 Kc2) 57... Rb5 58. Rd8 $4 { (-3.98 ? -11.52)
Blunder. Best move was Ra8. }  (58. Ra8 Ra5) 58... a2 59. Rd1 Ra5 60. Ra1 Kb3
$2 { (-11.88 ? -4.23) Mistake. Best move was Kc3. }  (60... Kc3) 61. f4 $2 {
(-4.23 ? -10.72) Mistake. Best move was Kd4. }  (61. Kd4 Rf5) 61... Kb2 $4 {
(-10.72 ? 0.00) Blunder. Best move was Ra4. }  (61... Ra4) 62. Rxa2+ Kxa2 63.
Ke4 Kb3 64. f5 Kc4 65. f6 Ra1 66. Ke5 Re1+ 67. Kd6 Rf1 68. Ke7 Kd5 69. f7 Re1+
70. Kd7 1/2-1/2

[Event "Julian Mazur Memorial"]
[Site "Wellington Chess Club"]
[Date "2019.08.22"]
[Round "4.10"]
[White "Carroll, Lewis"]
[Black "Aldridge, Alan"]
[Result "1/2-1/2"]
[WhiteElo "1422"]
[BlackElo "1922"]

1. Nf3 e6 2. e4 d5 3. Nc3 dxe4 4. Nxe4 Nf6 5. Nxf6+ Qxf6 6. d4 h6 7. Bd3 Bd6 8.
c4 O-O 9. c5 Bf4 10. b4 Bxc1 11. Rxc1 Bd7 12. b5 c6 13. Be4 Rd8 14. Qb3 Qf4 15.
Qe3 Qxe3+ 16. fxe3 f5 17. bxc6 Bxc6 18. Bd3 Nd7 19. O-O Nf6 20. Bc4 Bd5 21.
Bxd5 Nxd5 22. c6 bxc6 23. e4 fxe4 24. Ne5 Rf8 25. Rfe1 e3 26. Rxc6 Rfe8 27. Nc4
Rad8 28. Nxe3 Nxe3 29. Rxe3 Rxd4 30. Rcxe6 Rxe6 31. Rxe6 1/2-1/2

[Event "Julian Mazur Memorial"]
[Site "Wellington Chess Club"]
[Date "2019.08.22"]
[Round "4.11"]
[White "Wevers, Alexis"]
[Black "Nijman, Brian"]
[Result "0-1"]
[WhiteElo "1798"]
[BlackElo "2212"]

1. d4 e6 2. c4 f5 3. Nc3 Nf6 4. d5 e5 5. Nf3 d6 6. e3 Be7 7. Be2 O-O 8. O-O Qe8
9. Nb5 Bd8 10. b4 a6 11. Nc3 a5 12. Bd2 axb4 13. Nb5 Na6 14. Qb3 Ne4 15. Bxb4
Nxb4 16. Qxb4 Rf6 17. Nd2 Nc5 18. a4 c6 19. Nxd6 Rxd6 20. Qxc5 Be7 21. Qb4 Rxd5
22. Qc3 Rda5 23. Nb3 Rxa4 24. Rxa4 Rxa4 25. Qxe5 Qf8 26. Rd1 Ra3 27. Na5 Bb4
28. Nxb7 Bxb7 29. Qc7 Qf7 30. Rd8+ Bf8 31. Qxf7+ Kxf7 32. Rd7+ Ke6 33. Rxb7 Ra2
34. Bf1 f4 35. c5 Rc2 36. Rb3 Bxc5 37. g3 fxe3 38. fxe3 Ke5 39. Bg2 Be7 40. e4
Bc5+ 41. Kf1 Rf2+ 0-1

[Event "Julian Mazur Memorial"]
[Site "Wellington Chess Club"]
[Date "2019.08.22"]
[Round "4.12"]
[White "Nyberg, Michael"]
[Black "Stoeveken, Peter"]
[Result "1-0"]
[WhiteElo "2104"]
[BlackElo "1827"]

1. e4 c5 2. Nf3 Nc6 3. d4 cxd4 4. Nxd4 e5 5. Nb5 a6 6. Nd6+ Bxd6 7. Qxd6 Qf6 8.
Qd1 Qg6 9. Nc3 Nf6 10. Qd6 Qg4 11. f3 Qh4+ 12. g3 Qh5 13. Qd3 d6 14. a3 Nd4 15.
Bg2 Bh3 16. O-O Be6 17. Be3 Rc8 18. Qd1 Nc6 19. Nd5 Bxd5 20. exd5 Ne7 21. f4
Qxd1 22. Raxd1 e4 23. c3 Nfxd5 24. Bd4 f5 25. Bxg7 Rg8 26. Bd4 h5 27. Rfe1 Kd7
28. Bf2 h4 29. Kf1 hxg3 30. hxg3 Nf6 31. Bd4 Nh5 32. Kf2 Nxg3 33. Bh3 Nd5 34.
Rg1 Nxf4 35. Rxg3 Ke6 36. Re1 d5 37. Reg1 Nd3+ 38. Kf1 Rxg3 39. Rxg3 Rf8 40.
Rg6+ Kd7 41. b4 Ke8 42. Rg5 f4 43. Rxd5 e3 44. Bf5 Nc1 45. Bc5 Rf6 46. Re5+ Kf7
47. Re7+ Kg8 48. Bh7+ Kf8 49. Rxe3+ 1-0

[Event "Julian Mazur Memorial"]
[Site "Wellington Chess Club"]
[Date "2019.08.22"]
[Round "4.13"]
[White "Sellen, Ian"]
[Black "Quayle, Jamie"]
[Result "1-0"]
[WhiteElo "2024"]
[BlackElo "1683"]

1. c4 e5 2. Nc3 Nf6 3. g3 Bc5 4. Bg2 O-O 5. e3 Nc6 6. Nge2 a6 7. a3 Re8 8. O-O
d6 9. d4 exd4 10. exd4 Ba7 11. b4 Bg4 12. h3 Bh5 13. Be3 Qd7 14. Qd2 Nd8 15.
Nf4 c6 16. Nxh5 Nxh5 17. g4 Nf6 18. Bg5 Nxg4 19. hxg4 Qxg4 20. Qf4 Qxf4 21.
Bxf4 Bxd4 22. Rac1 Ne6 23. Bxd6 Rad8 24. Bg3 h5 25. Ne2 Bb2 26. Rb1 Rd2 27. Nf4
h4 28. Bh2 Bxa3 29. Rb3 Bb2 30. Nxe6 Rxe6 31. Bf4 Rc2 32. Be3 Be5 33. c5 Rg6
34. Kh1 Rc4 35. Bh3 Rf6 36. Rd1 Rf3 37. Kg2 Rf6 38. Rd8+ Kh7 39. Bg5 Rg6 40.
Bf5 f6 41. Bxg6+ Kxg6 42. Bd2 Rc2 43. Kh3 Rc4 44. Rd7 a5 45. bxa5 Rxc5 46.
Rbxb7 Rc4 47. Rxg7+ Kf5 48. a6 Bd4 49. Be3 c5 50. a7 Ra4 51. Rg8 Bxe3 52. fxe3
Ra3 53. a8=Q Rxe3+ 54. Kxh4 Re4+ 55. Kh3 Rd4 56. Qc8+ Ke4 57. Qe6+ Kd3 58. Rg3+
Kc2 59. Qa2+ Kd1 60. Rb1# 1-0

[Event "Julian Mazur Memorial"]
[Site "Wellington Chess Club"]
[Date "2019.08.22"]
[Round "4.14"]
[White "Chen, Wei Kai"]
[Black "Darr, Samuel"]
[Result "1/2-1/2"]
[WhiteElo "1965"]
[BlackElo "1567"]

1. b3 d5 2. Bb2 Nc6 3. Nf3 Bg4 4. e3 e5 5. Be2 Bd6 6. O-O Nge7 7. c4 O-O 8. Nc3
e4 9. Nd4 Bxe2 10. Qxe2 Nxd4 11. exd4 c6 12. d3 exd3 13. Qxd3 Ng6 14. cxd5 Nf4
15. Qf3 cxd5 16. Rae1 Qh4 17. h3 Qg5 18. Bc1 Qh5 19. Qxh5 Nxh5 20. Nxd5 Rfd8
21. g4 Nf6 22. Nxf6+ gxf6 23. Re2 Bb4 24. Rd1 Bc3 25. Rd3 Bxd4 26. Red2 Bb6 27.
Bb2 Rxd3 28. Rxd3 Rd8 29. Rxd8+ Bxd8 30. Kg2 Kg7 31. Bd4 a6 32. Be3 Kg6 33. a4
f5 34. gxf5+ Kxf5 35. Kf3 Bg5 36. Bd4 f6 37. Bc3 Bc1 38. Bd4 Bg5 1/2-1/2

[Event "Julian Mazur Memorial"]
[Site "Wellington Chess Club"]
[Date "2019.08.22"]
[Round "4.15"]
[White "Ackroyd, William"]
[Black "Lyall, Gordon"]
[Result "0-1"]
[WhiteElo "1277"]
[BlackElo "1945"]

1. e4 c6 2. d4 d5 3. e5 c5 4. dxc5 Nc6 5. a3 Nxe5 6. b4 Nf6 7. Bb2 Ng6 8. Bb5+
Bd7 9. Bxd7+ Qxd7 10. Nf3 e6 11. O-O Be7 12. Nbd2 O-O 13. c4 Rfd8 14. Ne5 Qc7
15. Nxg6 hxg6 16. Qc2 Qf4 17. g3 Qg4 18. f3 Qh3 19. Nb3 a5 20. Nxa5 Rxa5 21.
bxa5 Bxc5+ 22. Kh1 dxc4 23. Rad1 Nd5 24. Qxc4 Bd6 25. Qd4 f6 26. Qf2 Kf7 27.
Rfe1 Rh8 28. Qe2 Bxg3 0-1

[Event "Julian Mazur Memorial"]
[Site "Wellington Chess Club"]
[Date "2019.08.22"]
[Round "4.16"]
[White "Stannard, Bobby"]
[Black "Van der Hoorn, Thomas"]
[Result "0-1"]
[WhiteElo "1485"]
[BlackElo "1807"]

1. e4 e5 2. Nf3 Nc6 3. d4 exd4 4. Bb5 Bc5 5. Nbd2 a6 6. Bxc6 dxc6 7. Nb3 Bb6 8.
Nfxd4 Bxd4 9. Qxd4 Qxd4 10. Nxd4 Nf6 11. e5 Nd5 12. O-O O-O 13. Re1 Re8 14. a3
Bg4 15. h3 Bh5 16. c4 Nb6 17. b3 c5 18. Nf5 Bg6 19. Ng3 a5 20. Ra2 Re6 21. f4
a4 22. f5 axb3 23. Rb2 Bxf5 24. Nxf5 Rxa3 25. Re3 Nxc4 26. Rexb3 Rxb3 27. Rxb3
Rxe5 28. Ne3 Nxe3 29. Bxe3 b6 30. Rd3 f5 31. Bf4 Re7 32. Rd8+ Kf7 33. Rc8 Ke6
34. Bxc7 Kd7 35. Bd8 Re8 36. Rc7+ Kxd8 37. Rxg7 Re7 38. Rg8+ Kd7 39. Rf8 Re5
40. Rf7+ Kd6 41. Rxh7 c4 42. Rh8 c3 43. Rc8 Rc5 44. Rd8+ Ke5 45. Rd1 c2 46. Rc1
b5 47. Kf2 b4 48. Ke3 b3 49. Kd3 Kf4 50. Kd2 Kg3 51. Re1 b2 52. Re3+ Kxg2 53.
Re2+ Kxh3 54. Re3+ Kg4 0-1

[Event "Julian Mazur Memorial"]
[Site "Wellington Chess Club"]
[Date "2019.08.22"]
[Round "4.17"]
[White "Stannard, Lars"]
[Black "Farrington, Lawrence"]
[Result "1-0"]
[WhiteElo "1417"]
[BlackElo "1706"]

1. d4 d5 2. Bf4 e6 3. Nf3 Nc6 4. e3 Bd6 5. Bxd6 Qxd6 6. Bd3 Nf6 7. Nbd2 O-O 8.
O-O e5 9. dxe5 Nxe5 10. Nxe5 Qxe5 11. Rb1 Bg4 12. Be2 Bxe2 13. Qxe2 c6 14. Nf3
Qe7 15. Rfe1 Ne4 16. c4 Rfd8 17. Rbc1 Rd7 18. a3 Rad8 19. b4 dxc4 20. Qxc4 Nd6
21. Qc5 Nb5 22. Qxe7 Rxe7 23. a4 Nc7 24. h3 f6 25. Rc2 Red7 26. Nd4 a6 27. Rec1
Kf7 28. g4 Ne6 29. Nf3 Rd1+ 30. Kg2 Rxc1 31. Rxc1 Nc7 32. Nd4 Rd5 33. f4 Ne6
34. Nxe6 Kxe6 35. Kf3 Rd2 36. f5+ Ke7 37. Rc4 Ra2 38. Re4+ Kd7 39. Rd4+ Ke7 40.
a5 Rc2 41. h4 Rh2 42. Kg3 Rc2 43. h5 h6 44. Kf4 Rf2+ 45. Kg3 Rc2 46. Kf4 c5 47.
bxc5 Rxc5 48. Ra4 Kd6 49. e4 Kc6 50. Ra1 b5 51. axb6 Kxb6 52. Rd1 Kc7 53. Ra1
Rc6 54. Ra5 Kb7 55. Rd5 Rc7 56. e5 Rc4+ 57. Kf3 fxe5 58. Rxe5 Rc7 59. Kf4 Rd7
60. Re4 Kc7 61. g5 Kd8 62. gxh6 gxh6 63. f6 a5 64. Kf5 a4 65. Rxa4 Ke8 66. Kg6
Rd6 67. Ra7 Kd8 68. Rf7 Ke8 69. Rh7 Kd8 70. Rxh6 Rd7 71. Rh8+ Kc7 1-0

[Event "Julian Mazur Memorial"]
[Site "Wellington Chess Club"]
[Date "2019.08.22"]
[Round "4.18"]
[White "Theodosiou, Andreas"]
[Black "Webster, Jamie"]
[Result "0-1"]
[WhiteElo "1336"]
[BlackElo "1701"]

1. e4 e5 2. Nf3 Nc6 3. d4 exd4 4. Nxd4 Nf6 5. Nc3 Bb4 6. f3 O-O 7. Ne2 d5 8.
Bd2 dxe4 9. fxe4 Bxc3 10. Nxc3 Re8 11. Qf3 Nd4 12. Qd3 Bg4 13. h3 Bh5 14. g4
Bg6 15. Bg2 Qd7 16. O-O-O b5 17. a3 a5 18. Qe3 Re5 19. g5 Nh5 20. Ne2 Nxe2+ 21.
Qxe2 Ng3 22. Qd3 Qxd3 23. cxd3 Nxh1 24. Bxh1 Rd8 25. Bxa5 Rxg5 26. Bxc7 Rc5+
0-1

[Event "Julian Mazur Memorial"]
[Site "Wellington Chess Club"]
[Date "2019.08.22"]
[Round "4.19"]
[White "Dixon, Hamish"]
[Black "Shepherd, Blake"]
[Result "1-0"]
[WhiteElo "1681"]
[BlackElo "1000"]

1. e4 e6 2. d4 d5 3. Bd3 dxe4 4. Bxe4 Nf6 5. Nc3 Bb4 6. Qd3 c5 7. Ne2 Nxe4 8.
Qxe4 Bxc3+ 9. bxc3 Qc7 10. Ba3 Nd7 11. O-O O-O 12. Rab1 Rd8 13. Rb5 Nf6 14. Qf3
cxd4 15. Rc5 Qe7 16. cxd4 Nd7 17. Rxc8 Qf6 18. Rxa8 Rxa8 19. Qxb7 Qd8 20. Be7
Qe8 21. Bd6 1-0